01092nam a22002894a 4500001001100000003000800011006001900019007001500038008004100053010001700094020002800111040002100139035002000160050002400180082001500204100002000219245007300239260003900312300001100351504006600362533015200428651003400580655002900614710001700643856012500660999001700785ebr5004439CaPaEBRm u cr cn|||||||||991020s2000 ctu sb 001 0 eng  z 99054421  z0275968901 (alk. paper) aCaPaEBRcCaPaEBR a(OCoLC)5009946414aDS62.2b.S54 2000eb04a939/.42211 aSicker, Martin.14aThe pre-Islamic Middle Easth[electronic resource] /cMartin Sicker. aWestport, Conn. :bPraeger,c2000. a231 p. aIncludes bibliographical references (p. [213]-219) and index. aElectronic reproduction.bPalo Alto, Calif. :cebrary,d2013.nAvailable via World Wide Web.nAccess may be limited to ebrary affiliated libraries. 0aMiddle EastxHistoryyTo 622. 7aElectronic books.2local2 aebrary, Inc.40uhttp://site.ebrary.com/lib/rucke/Doc?id=5004439zAn electronic book accessible through the World Wide Web; click to view c15772d15772